| 000 | 00573cam a22001932 4500 | ||
|---|---|---|---|
| 001 | 0000003506 | ||
| 005 | 20151217151927.0 | ||
| 008 | 070508s xx 000 0 eng d | ||
| 040 |
_aKABU _cKABU |
||
| 050 | 0 |
_aLA1556 _b.F33 2006 |
|
| 245 | 1 | 0 | _aFact book on education for all (EFA) 2006. |
| 260 |
_aNairobi : _bUnesco, _c2006. |
||
| 300 | _a71 p. | ||
| 650 | 0 |
_aEducation _zAfrica, East _xHistory. _@0000153474 |
|
| 908 | _a070508 | ||
| 950 | _@1 | ||
| 999 |
_c6428 _d6428 |
||